| 000 | 00413nam a22001577a 4500 | ||
|---|---|---|---|
| 003 | OSt | ||
| 005 | 20240817140735.0 | ||
| 007 | 203 pages | ||
| 008 | 240817b |||||||| |||| 00| 0 eng d | ||
| 020 | _a9789326473431 | ||
| 040 | _c | ||
| 082 |
_a342.54 _bkAS |
||
| 245 |
_aConstitution of India _ba handbook for students _ckashyap,Subhash c |
||
| 260 |
_bVitasa Publishing _c2023 |
||
| 942 |
_2ddc _cBK _k342.54 _mKAS _n0 |
||
| 999 |
_c36079 _d36079 |
||